[Event "Berlin-ch"]
[Site "Berlin"]
[Date "2007.04.10"]
[Round "5"]
[White "Alic, Miran"]
[Black "Gebigke, Martin"]
[Result "0-1"]
[WhiteElo "2048"]
[BlackElo "2190"]
[PlyCount "80"]
[EventDate "2007.04.06"]
[EventType "swiss"]
[EventRounds "9"]
[EventCountry "GER"]
[SourceTitle "CBM 117 Extra"]
[Source "ChessBase"]
[SourceDate "2007.05.09"]
[SourceVersion "1"]
[SourceVersionDate "2007.05.09"]
[SourceQuality "1"]

1. e4 c5 2. c3 Nf6 3. e5 Nd5 4. Nf3 Nc6 5. Bc4 Nb6 6. Bb3 c4 7. Bc2 Qc7 8. Qe2 g5 9. Nxg5 Qxe5 10. d4 cxd3 11. Bxd3 Qxe2+ 12. Kxe2 h6 13. Nf3 d5 14. b4 Nxb4 15. Bb5+ Bd7 16. Bxd7+ Nxd7 17. Na3 Nc6 18. Rb1 0-0-0 19. Be3 e6 20. Nb5 Nc5 21. Nfd4 a6 22. Nxc6 bxc6 23. Nd4 Kc7 24. Rb2 Na4 25. Rb3 c5 26. Nf3 c4 27. Bf4+ Bd6 28. Bxd6+ Rxd6 29. Ra3 Nc5 30. Ne5 Rf8 31. Rb1 f6 32. Ng6 Rg8 33. Nh4 Rb6 34. Rxb6 Kxb6 35. g3 a5 36. Nf3 e5 37. Ne1 Ne4 38. Nc2 Ra8 39. Nb4 Kc5 40. Ra4 Nxc3+ 0-1

[Event "Berlin-ch"]
[Site "Berlin"]
[Date "2007.04.09"]
[Round "4"]
[White "Keskowski, Thilo"]
[Black "Alic, Miran"]
[Result "0-1"]
[WhiteElo "2183"]
[BlackElo "2048"]
[PlyCount "66"]
[EventDate "2007.04.06"]
[EventType "swiss"]
[EventRounds "9"]
[EventCountry "GER"]
[SourceTitle "CBM 117 Extra"]
[Source "ChessBase"]
[SourceDate "2007.05.09"]
[SourceVersion "1"]
[SourceVersionDate "2007.05.09"]
[SourceQuality "1"]

1. e4 c5 2. Nc3 Nc6 3. g3 g6 4. Bg2 Bg7 5. d3 d6 6. f4 e6 7. Nf3 Nge7 8. 0-0 0-0 9. Be3 Nd4 10. Qd2 Rb8 11. Nd1 b6 12. c3 Nxf3+ 13. Bxf3 d5 14. e5 Ba6 15. Re1 d4 16. cxd4 cxd4 17. Bf2 Qd7 18. b3 Rfd8 19. Nb2 b5 20. Rac1 Bf8 21. Qa5 Rb6 22. Rc2 Rc8 23. Rec1 Nc6 24. Bxc6 Rcxc6 25. Rxc6 Rxc6 26. Rxc6 Qxc6 27. Bxd4 Bb7 28. Kf1 Qg2+ 29. Ke1 Bf3 30. Bf2 Qh1+ 31. Kd2 Qxh2 32. Qxa7 Bb4+ 33. Kc2 Be1 0-1

[Event "Berlin op 04"]
[Site "Berlin"]
[Date "2006.04.20"]
[Round "6"]
[White "Werner, Daniel2222"]
[Black "Alic, Miran"]
[Result "1/2-1/2"]
[WhiteElo "1916"]
[BlackElo "1976"]
[PlyCount "86"]
[EventDate "2006.04.14"]
[EventType "swiss"]
[EventRounds "9"]
[EventCountry "GER"]
[SourceTitle "EXT 2007"]
[Source "ChessBase"]
[SourceDate "2006.11.23"]
[SourceVersion "1"]
[SourceVersionDate "2006.11.23"]
[SourceQuality "1"]

1. d4 c5 2. d5 e5 3. c4 d6 4. Nc3 g6 5. e4 Bg7 6. Be2 f5 7. Nf3 Nf6 8. Bd3 f4 9. Bd2 a6 10. h3 0-0 11. Rb1 Nh5 12. Be2 Nd7 13. 0-0 g5 14. Nh2 Nhf6 15. b4 cxb4 16. Rxb4 Nc5 17. f3 Nh5 18. Be1 Bd7 19. Bf2 Qc7 20. Qb1 Rab8 21. Rb6 Bb5 22. cxb5 Qxb6 23. Na4 Qc7 24. b6 Qe7 25. Nxc5 dxc5 26. Bc4 Qd6 27. a4 a5 28. Qb5 Rfc8 29. Qxa5 Nf6 30. Qb5 Nd7 31. a5 Ra8 32. Rc1 Nb8 33. Nf1 Na6 34. Nd2 Bf8 35. Bb3 Kg7 36. Nc4 Qf6 37. Qd7+ Qe7 38. Qxe7+ Bxe7 39. Nxe5 Bf6 40. Nc4 Bd4 41. Kf1 Bxf2 42. Kxf2 Nb4 43. Ke2 Rd8 1/2-1/2

[Event "Berlin op 04"]
[Site "Berlin"]
[Date "2006.04.19"]
[Round "5"]
[White "Alic, Miran"]
[Black "Schirrmacher, Carsten"]
[Result "1-0"]
[WhiteElo "1976"]
[BlackElo "1910"]
[PlyCount "95"]
[EventDate "2006.04.14"]
[EventType "swiss"]
[EventRounds "9"]
[EventCountry "GER"]
[SourceTitle "EXT 2007"]
[Source "ChessBase"]
[SourceDate "2006.11.23"]
[SourceVersion "1"]
[SourceVersionDate "2006.11.23"]
[SourceQuality "1"]

1. e4 e5 2. Nc3 Nf6 3. g3 d5 4. exd5 Nxd5 5. Bg2 c6 6. Nf3 Nxc3 7. bxc3 Bg4 8. h3 Bh5 9. g4 e4 10. Qe2 Bg6 11. Ne5 f5 12. gxf5 Bxf5 13. Bxe4 Bxe4 14. Qxe4 Qe7 15. d4 Nd7 16. Bf4 0-0-0 17. Qe3 Nf6 18. c4 Qa3 19. c3 Bd6 20. 0-0 g5 21. Bxg5 Rhg8 22. Kh1 Rxg5 23. Qxg5 Qxc3 24. Qe3 Qc2 25. Nf7 Qxc4 26. Nxd8 Qd5+ 27. f3 Kxd8 28. Rg1 Qf5 29. Rg4 Qh5 30. Kg2 Nxg4 31. fxg4 Qd5+ 32. Kf2 c5 33. Rd1 Qxa2+ 34. Rd2 Qf7+ 35. Ke1 Bf4 36. dxc5+ Kc8 37. Rf2 Bxe3 38. Rxf7 Bxc5 39. Rxh7 b5 40. Kd2 b4 41. Kc2 a5 42. Kb3 Kd8 43. h4 Ke8 44. h5 Kf8 45. Rb7 Kg8 46. Ka4 Bf8 47. Kxa5 Kh8 48. Rb8 1-0

[Event "Berlin op 04"]
[Site "Berlin"]
[Date "2006.04.16"]
[Round "2"]
[White "Kiesewetter, Peter"]
[Black "Alic, Miran"]
[Result "0-1"]
[WhiteElo "1737"]
[BlackElo "1976"]
[PlyCount "102"]
[EventDate "2006.04.14"]
[EventType "swiss"]
[EventRounds "9"]
[EventCountry "GER"]
[SourceTitle "EXT 2007"]
[Source "ChessBase"]
[SourceDate "2006.11.23"]
[SourceVersion "1"]
[SourceVersionDate "2006.11.23"]
[SourceQuality "1"]

1. Nf3 f5 2. d4 Nf6 3. Bg5 Ne4 4. Bf4 d6 5. e3 Nd7 6. Bd3 g6 7. Nbd2 Ndf6 8. c4 Bg7 9. Qc2 Nxd2 10. Qxd2 0-0 11. h3 Qe8 12. d5 e5 13. dxe6 Bxe6 14. 0-0 Rd8 15. Ng5 Bc8 16. Rad1 b6 17. Rfe1 h6 18. Nf3 Ne4 19. Qc2 g5 20. Bh2 Qg6 21. Nd4 Rde8 22. Nb5 Re7 23. Nxa7 Bb7 24. Nb5 Nc5 25. b4 Nxd3 26. Qxd3 g4 27. h4 Be4 28. Qb3 Kh7 29. Nxd6 g3 30. Bxg3 cxd6 31. Rxd6 Rf6 32. Red1 f4 33. Rxf6 Bxf6 34. exf4 Bc2 35. Qf3 Bxd1 36. Qxd1 Qe4 37. Qd6 Qe6 38. Qd3+ Kg8 39. a4 Qe1+ 40. Kh2 Qxb4 41. Qg6+ Bg7 42. f5 Qb2 43. f3 Qf6 44. Qg4 Ra7 45. c5 bxc5 46. Qc4+ Kh7 47. Qxc5 Rxa4 48. Kh3 Ra1 49. Kh2 Ra8 50. Qd5 Rf8 51. Qc4 Qxf5 0-1

[Event "Berlin op 03"]
[Site "Berlin"]
[Date "2005.03.31"]
[Round "6"]
[White "Alic, Miran"]
[Black "Kettenburg, Stefan"]
[Result "1-0"]
[WhiteElo "1956"]
[BlackElo "2012"]
[PlyCount "95"]
[EventDate "2005.03.25"]
[EventType "swiss"]
[EventRounds "9"]
[EventCountry "GER"]
[SourceTitle "EXT 2007"]
[Source "ChessBase"]
[SourceDate "2006.11.23"]
[SourceVersion "1"]
[SourceVersionDate "2006.11.23"]
[SourceQuality "1"]

1. d4 d5 2. e4 c6 3. exd5 cxd5 4. Bd3 Nc6 5. c3 Nf6 6. Bf4 Bg4 7. Nf3 e6 8. h3 Bh5 9. 0-0 Bd6 10. Bxd6 Qxd6 11. Re1 0-0 12. Nbd2 Bg6 13. Bxg6 hxg6 14. Ne5 Rab8 15. Re3 b5 16. a3 Na5 17. b3 Rfc8 18. a4 b4 19. c4 dxc4 20. Ndxc4 Qd8 21. Rf3 Nc6 22. Kh2 Nxe5 23. dxe5 Nd5 24. Qd4 Rc7 25. Re1 Rd7 26. Qg4 Ne7 27. Re4 Nf5 28. h4 Rd1 29. Qf4 Rc8 30. Ne3 Ra1 31. Nxf5 gxf5 32. Rxb4 Qd1 33. Kh3 Qh1+ 34. Qh2 Qe1 35. Rd4 Rc2 36. g4 Qe2 37. Re3 Qf1+ 38. Qg2 Qb1 39. gxf5 Rc1 40. Rd8+ Kh7 41. Qe4 Rh1+ 42. Kg4 Qg1+ 43. Rg3 Qxf2 44. fxe6+ g6 45. exf7 Rae1 46. f8N+ Qxf8 47. Qb7+ Qg7 48. Rd7 1-0

[Event "GER-ch U25 op"]
[Site "Willingen"]
[Date "2004.05.31"]
[Round "4"]
[White "Alic, Miran"]
[Black "Mueer, Sebastian"]
[Result "1/2-1/2"]
[WhiteElo "2052"]
[BlackElo "1465"]
[PlyCount "56"]
[EventDate "2004.05.30"]
[EventType "swiss"]
[EventRounds "9"]
[EventCountry "GER"]
[SourceTitle "EXT 2005"]
[Source "ChessBase"]
[SourceDate "2004.11.15"]
[SourceVersion "1"]
[SourceVersionDate "2004.11.15"]
[SourceQuality "1"]

1. e4 c5 2. Nc3 e6 3. f4 d5 4. Bb5+ Nc6 5. d3 Nf6 6. e5 Nd7 7. Nf3 Be7 8. 0-0 0-0 9. Bxc6 bxc6 10. Qe1 f5 11. Kh1 Kh8 12. Bd2 Rb8 13. b3 Rg8 14. Ng5 Bxg5 15. fxg5 g6 16. Qg3 Nb6 17. Rf4 d4 18. Ne2 Nd5 19. Rh4 Rg7 20. Nf4 Nxf4 21. Rxf4 a5 22. h4 Bd7 23. Raf1 Be8 24. Qf2 a4 25. g4 axb3 26. axb3 Bf7 27. Qe1 Qd7 28. b4 Qd5+ 1/2-1/2

[Event "Berlin op 10"]
[Site "Berlin"]
[Date "2003.11.10"]
[Round "5"]
[White "Marggraff, Bernhard"]
[Black "Alic, Miran"]
[Result "0-1"]
[WhiteElo "1676"]
[BlackElo "1941"]
[PlyCount "92"]
[EventDate "2003.10.13"]
[EventType "swiss"]
[EventRounds "7"]
[EventCountry "GER"]
[SourceTitle "EXT 2007"]
[Source "ChessBase"]
[SourceDate "2006.11.23"]
[SourceVersion "1"]
[SourceVersionDate "2006.11.23"]
[SourceQuality "1"]

1. e4 d6 2. d4 g6 3. Nf3 Bg7 4. Nc3 c6 5. Be2 Nd7 6. 0-0 b5 7. Be3 Bb7 8. Bd3 e6 9. Ne2 Ne7 10. c3 0-0 11. Qd2 Qc7 12. Bh6 a6 13. Bxg7 Kxg7 14. Nh4 e5 15. f4 f6 16. Rf3 d5 17. g4 c5 18. exd5 Bxd5 19. Rh3 cxd4 20. fxe5 dxc3 21. Nxc3 Qc5+ 22. Qe3 Qxe3+ 23. Rxe3 Nxe5 24. g5 Nxd3 25. Rxe7+ Bf7 26. gxf6+ Kxf6 27. Rd7 Ne5 28. Ne4+ Kg7 29. Rc7 Rac8 30. Rac1 Rxc7 31. Rxc7 Kh6 32. Ng2 Bd5 33. Nc3 Nf3+ 34. Kf2 Nxh2+ 35. Nf4 Rxf4+ 36. Kg3 Rf7 37. Nxd5 Nf1+ 38. Kh3 Rxc7 39. Nxc7 Nd2 40. Nxa6 Kg5 41. b4 Nc4 42. Nc7 Na3 43. Nxb5 Nxb5 44. a4 Nd6 45. b5 Kf6 46. b6 Nb7 0-1

[Event "Berlin Lichtenberger Sommer 2nd"]
[Site "Berlin"]
[Date "2003.08.22"]
[Round "7.29"]
[White "Guenther, Thomas"]
[Black "Alic, Miran"]
[Result "0-1"]
[WhiteElo "1992"]
[BlackElo "1903"]
[PlyCount "90"]
[EventDate "2003.08.16"]
[EventType "swiss"]
[EventRounds "9"]
[EventCountry "GER"]
[SourceTitle "EXT 2022"]
[Source "ChessBase"]
[SourceDate "2021.10.06"]
[SourceVersion "1"]
[SourceVersionDate "2021.10.06"]
[SourceQuality "1"]

1. d4 Nf6 2. Nf3 e6 3. c4 c5 4. d5 b5 5. Bg5 bxc4 6. Nc3 d6 7. e4 Be7 8. Bxc4 0-0 9. 0-0 e5 10. h3 Nbd7 11. Qd2 Nb6 12. Bd3 Rb8 13. Be3 Ne8 14. g4 Bd7 15. Ne2 Qc8 16. Ng3 g6 17. Nh2 Ng7 18. f4 exf4 19. Bxf4 c4 20. Bc2 Bb5 21. Rf3 Rd8 22. Qc3 g5 23. Be3 Nd7 24. Bd4 f6 25. a4 Ba6 26. Bxa7 Rb7 27. Bd4 Ne5 28. Rf2 Nd3 29. Rxf6 Bxf6 30. Bxf6 Rf8 31. Bxg7 Rxg7 32. Nf5 Qc5+ 33. Kh1 Rxf5 34. gxf5 Qe3 35. Bxd3 cxd3 36. Re1 Qxh3 37. Qc6 h5 38. Qxa6 g4 39. Qc8+ Kh7 40. f6 Qh4 41. Qf5+ Rg6 42. f7 Qxe1+ 43. Nf1 g3 44. f8N+ Kg8 45. Nxg6 d2 0-1

[Event "Berlin Lichtenberger Sommer 2nd"]
[Site "Berlin"]
[Date "2003.08.18"]
[Round "3.52"]
[White "Alic, Miran"]
[Black "Jung, Reiner"]
[Result "1/2-1/2"]
[WhiteElo "1903"]
[BlackElo "1678"]
[PlyCount "64"]
[EventDate "2003.08.16"]
[EventType "swiss"]
[EventRounds "9"]
[EventCountry "GER"]
[SourceTitle "EXT 2022"]
[Source "ChessBase"]
[SourceDate "2021.10.06"]
[SourceVersion "1"]
[SourceVersionDate "2021.10.06"]
[SourceQuality "1"]

1. e4 d5 2. exd5 Qxd5 3. Nc3 Qa5 4. d4 c6 5. Bc4 Bf5 6. Qf3 e6 7. Bd2 Nf6 8. d5 Bg4 9. Qf4 Qd8 10. dxe6 Bxe6 11. Bxe6 fxe6 12. Nf3 Bd6 13. Qe3 Qe7 14. Ng5 e5 15. Nge4 Nbd7 16. Nxd6+ Qxd6 17. 0-0-0 0-0 18. Ne4 Nxe4 19. Qxe4 Qd4 20. Qxd4 exd4 21. f3 c5 22. Rhe1 Rfe8 23. Bf4 Kf7 24. Bd6 Re6 25. Rxe6 Kxe6 26. Bc7 Rc8 27. Re1+ Kf7 28. Bd6 Re8 29. Rxe8 Kxe8 30. Kd2 Kf7 31. Kd3 Ke6 32. Bc7 Kd5 1/2-1/2